Countries Bordering Two or More "M" Countries Quiz - Statistics

General Stats
  • This quiz has been taken 26 times
  • The average score is 8 of 10
Answer Stats
Answer % Correct
Algeria
83%
Serbia
83%
Tanzania
83%
Zambia
83%
China
78%
Thailand
78%
Albania
74%
Mauritania
70%
Senegal
70%
Kosovo
65%
No matching quizzes found
Score Distribution
Percent of People with Each Score
Percentile by Number Answered
Your Score History
You have not taken this quiz